000
00199 a2200097 4500
001
1410
100
_a
Wilson, T.W
245
_a
Die design handbooks
260
_a
_b
Mcgrawhill
_c
090
_c
959
_d
959
942
_a
NUST-CAE
_c
M
_c
36477
999
_c
236483
_d
236483